[Event "GBR-ch90"]
[Site "Edinburgh"]
[Date "2003.07.24"]
[Round "4.29"]
[White "Grant, Jonathan"]
[Black "Addison, Bret C"]
[Result "1/2-1/2"]
[WhiteElo "2271"]
[BlackElo "2251"]
[PlyCount "82"]
[EventDate "2003.07.21"]
[EventType "swiss"]
[EventRounds "11"]
[EventCountry "GBR"]
[SourceTitle "BritBase"]
[Source "John Saunders"]
[SourceDate "2008.07.14"]
[SourceVersion "1"]
[SourceVersionDate "2008.07.14"]
[SourceQuality "2"]

1. c4 c5 2. Nc3 Nc6 3. g3 g6 4. Bg2 Bg7 5. e4 d6 6. Nge2 h5 7. h4 e5 8. d3 Be6
9. Nd5 a6 10. a4 a5 11. Qb3 Nb4 12. Bg5 f6 13. Bd2 Ne7 14. f4 Nexd5 15. cxd5
Bg4 16. Ng1 Qb6 17. Nh3 O-O 18. Nf2 f5 19. Nxg4 fxg4 20. Ke2 Rf7 21. Raf1 Raf8
22. Rf2 exf4 23. gxf4 Be5 24. f5 Bg3 25. Rff1 gxf5 26. exf5 Rxf5 27. Rxf5 Rxf5
28. Be3 Qc7 29. Be4 Re5 30. Qc4 Qg7 31. Qb5 Re7 32. Rf1 Qxb2+ 33. Bd2 Qd4 34.
Be3 Qb2+ 35. Bd2 Qd4 36. Be3 Qb2+ 37. Bd2 Qe5 38. Qb6 Nxd5 39. Qd8+ Re8 40. Qd7
Re7 41. Qd8+ Re8 1/2-1/2

[Event "GBR-ch90"]
[Site "Edinburgh"]
[Date "2003.07.24"]
[Round "4.30"]
[White "Barua, Dibyendu"]
[Black "Anderton, Matthew N"]
[Result "1/2-1/2"]
[WhiteElo "2561"]
[BlackElo "2237"]
[PlyCount "123"]
[EventDate "2003.07.21"]
[EventType "swiss"]
[EventRounds "11"]
[EventCountry "GBR"]
[SourceTitle "BritBase"]
[Source "John Saunders"]
[SourceDate "2008.07.14"]
[SourceVersion "1"]
[SourceVersionDate "2008.07.14"]
[SourceQuality "2"]

1. e4 e6 2. d4 d5 3. Nd2 Nf6 4. e5 Nfd7 5. Bd3 c5 6. c3 Nc6 7. Ne2 cxd4 8. cxd4
f6 9. exf6 Nxf6 10. Nf3 Bd6 11. O-O O-O 12. Bg5 Bd7 13. Re1 Qb6 14. Nc3 Ng4 15.
Bh4 Nh6 16. Bg3 Be7 17. Na4 Qa5 18. Rc1 Rxf3 19. gxf3 Nxd4 20. Nc3 Bg5 21. Rb1
Bd2 22. Rf1 Rf8 23. Be2 Bxc3 24. bxc3 Qxc3 25. Rxb7 Ba4 26. Qe1 Qc2 27. Bd1 Qg6
28. Qe5 Nhf5 29. Rb8 Bxd1 30. Rxf8+ Kxf8 31. Qb8+ Qe8 32. Qxe8+ Kxe8 33. Rxd1
Nxf3+ 34. Kg2 N3d4 35. Rc1 Nxg3 36. hxg3 Kd7 37. Rh1 h6 38. Rh4 e5 39. Rh1 Kc6
40. Rb1 Kc7 41. Kf1 a6 42. Ke1 h5 43. Kd2 Nf3+ 44. Ke3 e4 45. a4 g5 46. a5 d4+
47. Ke2 h4 48. gxh4 gxh4 49. Rb6 d3+ 50. Kd1 h3 51. Rxa6 Ne5 52. Rh6 Ng4 53.
Rh7+ Kb8 54. Ke1 h2 55. a6 Ka8 56. a7 Ne5 57. Kd2 Ng4 58. Ke1 Ne5 59. Kd1 Ng4
60. Kd2 Nxf2 61. Rxh2 e3+ 62. Kxe3 1/2-1/2

[Event "GBR-ch90"]
[Site "Edinburgh"]
[Date "2003.07.24"]
[Round "4.31"]
[White "Karavade, Eesha"]
[Black "Sattar, Reefat Bin"]
[Result "0-1"]
[WhiteElo "2218"]
[BlackElo "2475"]
[PlyCount "106"]
[EventDate "2003.07.21"]
[EventType "swiss"]
[EventRounds "11"]
[EventCountry "GBR"]
[SourceTitle "BritBase"]
[Source "John Saunders"]
[SourceDate "2008.07.14"]
[SourceVersion "1"]
[SourceVersionDate "2008.07.14"]
[SourceQuality "2"]

1. e4 e6 2. d4 d5 3. e5 c5 4. c3 Nc6 5. Nf3 Bd7 6. Be2 Nge7 7. O-O Ng6 8. a3
Be7 9. b4 cxd4 10. cxd4 Rc8 11. Be3 f6 12. exf6 Bxf6 13. Nbd2 Nce7 14. Nb3 b6
15. Qd2 O-O 16. Rac1 Ba4 17. Qd3 Qd7 18. Nbd2 Nf5 19. Nb1 Nd6 20. Nc3 Bb3 21.
Nd2 Bc4 22. Nxc4 Nxc4 23. a4 Be7 24. b5 Nh4 25. Bg4 Nf5 26. Rc2 Nfxe3 27. fxe3
Rxf1+ 28. Kxf1 Bg5 29. Nd1 Qd6 30. Kg1 Re8 31. e4 Qf4 32. Qf3 Qxf3 33. gxf3 Bf6
34. e5 Bg5 35. Kf2 Kf7 36. Kg3 g6 37. h4 Bd2 38. Bh3 Be1+ 39. Nf2 Ke7 40. f4
Rf8 41. Kf3 Rc8 42. Ke2 Bb4 43. Nd3 Ba3 44. Rc3 Ra8 45. Kf2 a6 46. Ke2 axb5 47.
axb5 Ra5 48. Rb3 Kf7 49. h5 Be7 50. hxg6+ hxg6 51. Nc1 Ra1 52. Kd1 Ba3 53. Rc3
Bb2 0-1

[Event "GBR-ch90"]
[Site "Edinburgh"]
[Date "2003.07.24"]
[Round "4.32"]
[White "McEwan, Ken B"]
[Black "Hanley, Craig A"]
[Result "1-0"]
[WhiteElo "2190"]
[BlackElo "2387"]
[PlyCount "117"]
[EventDate "2003.07.21"]
[EventType "swiss"]
[EventRounds "11"]
[EventCountry "GBR"]
[SourceTitle "BritBase"]
[Source "John Saunders"]
[SourceDate "2008.07.14"]
[SourceVersion "1"]
[SourceVersionDate "2008.07.14"]
[SourceQuality "2"]

1. e4 d5 2. exd5 Qxd5 3. Nc3 Qe5+ 4. Be2 c6 5. Nf3 Qc7 6. d4 Bf5 7. Be3 Nf6 8.
Qd2 e6 9. Bf4 Qa5 10. Ne5 Bb4 11. Nc4 Qd8 12. Bf3 Nd5 13. a3 Be7 14. Nxd5 cxd5
15. Ne5 Nc6 16. Nxc6 bxc6 17. O-O O-O 18. Rfe1 a5 19. Be2 Qb6 20. Bd3 Qxd4 21.
Bxf5 Qxb2 22. Bd3 Bf6 23. Qe2 Qxa1 24. Rxa1 Bxa1 25. h4 Bf6 26. Be5 Bxe5 27.
Qxe5 c5 28. c4 Rfd8 29. h5 h6 30. Qc7 Rdc8 31. Qb6 dxc4 32. Bxc4 a4 33. Qb5 Rd8
34. Qxc5 Rac8 35. Qb5 Rd1+ 36. Kh2 Rd2 37. Bd3 Rd8 38. Be4 Rxf2 39. Qxa4 Rf4
40. Qa5 Rc8 41. Qe5 Rh4+ 42. Kg3 Rh1 43. Bb7 Rc4 44. Ba6 Ra4 45. Bd3 Ra8 46. a4
Rd8 47. Bc2 Rc8 48. Qe4 Kf8 49. a5 Rxh5 50. a6 Rg5+ 51. Kh2 Rh5+ 52. Kg1 Rhc5
53. Qb4 Kg8 54. Be4 f5 55. Bb7 Rc1+ 56. Kh2 R8c4 57. Qe7 g5 58. Qxe6+ Kg7 59.
Qxf5 1-0

[Event "GBR-ch90"]
[Site "Edinburgh"]
[Date "2003.07.24"]
[Round "4.33"]
[White "Simmons, Matthew"]
[Black "Muir, Andrew J"]
[Result "0-1"]
[WhiteElo "2176"]
[BlackElo "2316"]
[PlyCount "56"]
[EventDate "2003.07.21"]
[EventType "swiss"]
[EventRounds "11"]
[EventCountry "GBR"]
[SourceTitle "BritBase"]
[Source "John Saunders"]
[SourceDate "2008.07.14"]
[SourceVersion "1"]
[SourceVersionDate "2008.07.14"]
[SourceQuality "2"]

1. e4 c5 2. Nc3 Nc6 3. f4 e6 4. Nf3 d5 5. d3 Nf6 6. g3 dxe4 7. Nxe4 Be7 8. Be3
b6 9. Bg2 Bb7 10. Nfd2 O-O 11. O-O Qd7 12. Kh1 Rac8 13. g4 Nd4 14. g5 Nd5 15.
Bxd4 cxd4 16. Nc4 Qc7 17. a4 Nxf4 18. Rxf4 Qxf4 19. Nf6+ gxf6 20. Bxb7 Rc7 21.
gxf6 Bxf6 22. Be4 Rxc4 23. Qh5 h6 24. Rg1+ Bg7 25. Rg4 Rc5 26. Qh4 Qe3 27. Rg3
Qe1+ 28. Kg2 Rg5 0-1

[Event "GBR-ch90"]
[Site "Edinburgh"]
[Date "2003.07.24"]
[Round "4.35"]
[White "Taylor, Robert M"]
[Black "Gourlay, Iain"]
[Result "1-0"]
[WhiteElo "2169"]
[BlackElo "2284"]
[PlyCount "67"]
[EventDate "2003.07.21"]
[EventType "swiss"]
[EventRounds "11"]
[EventCountry "GBR"]
[SourceTitle "BritBase"]
[Source "John Saunders"]
[SourceDate "2008.07.14"]
[SourceVersion "1"]
[SourceVersionDate "2008.07.14"]
[SourceQuality "2"]

1. e4 c5 2. Nc3 Nc6 3. f4 g6 4. Nf3 Bg7 5. Bb5 Nd4 6. O-O Nxb5 7. Nxb5 d5 8. e5
a6 9. Nc3 Bg4 10. d4 cxd4 11. Qxd4 e6 12. Qb4 Bxf3 13. Rxf3 b5 14. Be3 Rc8 15.
Qa3 Rc6 16. Ne2 Bf8 17. Qd3 Bc5 18. a4 Qa5 19. Bxc5 Rxc5 20. Nd4 Rc4 21. b3 Rc8
22. b4 Qxb4 23. axb5 axb5 24. Nxb5 Kf8 25. Nd6 Qc5+ 26. Kh1 Rb8 27. f5 gxf5 28.
g4 Ne7 29. gxf5 Nxf5 30. Nxf5 exf5 31. Qxf5 Qe7 32. e6 Rg8 33. Qf4 Qb7 34. Qh6+
1-0

[Event "GBR-ch90"]
[Site "Edinburgh"]
[Date "2003.07.24"]
[Round "4.36"]
[White "Thomas, Nicholas"]
[Black "Walton, Colin"]
[Result "1-0"]
[WhiteElo "2281"]
[BlackElo "2135"]
[PlyCount "69"]
[EventDate "2003.07.21"]
[EventType "swiss"]
[EventRounds "11"]
[EventCountry "GBR"]
[SourceTitle "BritBase"]
[Source "John Saunders"]
[SourceDate "2008.07.14"]
[SourceVersion "1"]
[SourceVersionDate "2008.07.14"]
[SourceQuality "2"]

1. e4 e6 2. d4 d5 3. Nd2 c5 4. c3 Nc6 5. Ngf3 cxd4 6. cxd4 Nf6 7. Bd3 Nb4 8.
Bb1 dxe4 9. Nxe4 Nxe4 10. Bxe4 Nd5 11. O-O Be7 12. Ne5 O-O 13. Qf3 f5 14. Bxd5
Qxd5 15. Qxd5 exd5 16. Bd2 Bd6 17. Nd3 Re8 18. Bf4 Bxf4 19. Nxf4 Re4 20. Nxd5
Rxd4 21. Rad1 Rc4 22. Ne3 Rc5 23. b4 Rc7 24. Rd8+ Kf7 25. Nxf5 b6 26. Rfd1 g6
27. Nd6+ Ke7 28. Rh8 Ke6 29. Nb5 Rc4 30. Rxh7 Kf6 31. Nc7 Rb8 32. Nd5+ Ke5 33.
f4+ Ke6 34. Re7+ Kd6 35. Rxa7 1-0

[Event "GBR-ch90"]
[Site "Edinburgh"]
[Date "2003.07.24"]
[Round "4.37"]
[White "Lim Chin Lee"]
[Black "Buckley, Simon T"]
[Result "1/2-1/2"]
[WhiteElo "2119"]
[BlackElo "2267"]
[PlyCount "76"]
[EventDate "2003.07.21"]
[EventType "swiss"]
[EventRounds "11"]
[EventCountry "GBR"]
[SourceTitle "BritBase"]
[Source "John Saunders"]
[SourceDate "2008.07.14"]
[SourceVersion "1"]
[SourceVersionDate "2008.07.14"]
[SourceQuality "2"]

1. d4 e6 2. c4 Nf6 3. Nc3 Bb4 4. e3 b6 5. Qf3 d5 6. Bd3 O-O 7. Nge2 Bb7 8. O-O
Nbd7 9. cxd5 exd5 10. Ng3 Re8 11. Nce2 Ne4 12. a3 Bf8 13. Nf4 Ndf6 14. Ngh5
Nxh5 15. Qxh5 g6 16. Qg4 Bd6 17. Bb5 c6 18. Ba4 f5 19. Qf3 Qf6 20. Nd3 Rac8 21.
Re1 Qh4 22. g3 Ng5 23. Qg2 Qe4 24. Rd1 Ba6 25. Bc2 Qg4 26. f4 Ne4 27. Re1 Qh5
28. Bd1 Qh6 29. Nf2 Nf6 30. Bb3 Kh8 31. Bd2 Qf8 32. Bc3 Re7 33. Rac1 Qe8 34. h3
Qd7 35. Ba4 Bb7 36. g4 Rce8 37. Bd2 Rg7 38. g5 Ne4 1/2-1/2

[Event "GBR-ch90"]
[Site "Edinburgh"]
[Date "2003.07.24"]
[Round "4.39"]
[White "Lyell, Mark"]
[Black "Buckley, Melanie"]
[Result "1-0"]
[WhiteElo "2256"]
[BlackElo "2130"]
[PlyCount "79"]
[EventDate "2003.07.21"]
[EventType "swiss"]
[EventRounds "11"]
[EventCountry "GBR"]
[SourceTitle "BritBase"]
[Source "John Saunders"]
[SourceDate "2008.07.14"]
[SourceVersion "1"]
[SourceVersionDate "2008.07.14"]
[SourceQuality "2"]

1. b3 d5 2. Bb2 c5 3. e3 Nf6 4. Nf3 Nc6 5. Bb5 Bd7 6. O-O e6 7. Bxc6 Bxc6 8.
Ne5 Rc8 9. d3 Bd6 10. f4 O-O 11. Nd2 b5 12. Ndf3 Nd7 13. Qe1 Bb7 14. a4 b4 15.
e4 f6 16. Nxd7 Qxd7 17. e5 Be7 18. exf6 Bxf6 19. Ne5 Bxe5 20. Bxe5 a5 21. Rf3
Rf7 22. Qh4 Qe7 23. Qh5 Rf5 24. Qg4 c4 25. Rg3 Rf7 26. Re1 cxd3 27. cxd3 Rc2
28. Bd4 Bc8 29. f5 e5 30. Bxe5 Bxf5 31. Qd4 g6 32. Rge3 Qc5 33. Qh4 Bxd3 34.
Bd4 Rxg2+ 35. Kxg2 Qc2+ 36. Kg1 Be4 37. Rxe4 dxe4 38. Qd8+ Rf8 39. Qd5+ Rf7 40.
Rf1 1-0

[Event "GBR-ch90"]
[Site "Edinburgh"]
[Date "2003.07.24"]
[Round "4.40"]
[White "Broomfield, Matthew"]
[Black "Eggleston, David"]
[Result "1-0"]
[WhiteElo "2249"]
[BlackElo "2094"]
[PlyCount "109"]
[EventDate "2003.07.21"]
[EventType "swiss"]
[EventRounds "11"]
[EventCountry "GBR"]
[SourceTitle "BritBase"]
[Source "John Saunders"]
[SourceDate "2008.07.14"]
[SourceVersion "1"]
[SourceVersionDate "2008.07.14"]
[SourceQuality "2"]

1. d4 d5 2. c4 e6 3. g3 Nf6 4. Bg2 dxc4 5. Nf3 Bd7 6. Ne5 Bc6 7. Nxc6 Nxc6 8.
O-O Be7 9. Qa4 O-O 10. Rd1 Nb4 11. Bxb7 Rb8 12. Bf3 Nfd5 13. Na3 c3 14. e4 cxb2
15. Bxb2 Nb6 16. Qb5 a6 17. Qe2 Na4 18. Nc4 Nxb2 19. Nxb2 c5 20. d5 exd5 21.
exd5 Bf6 22. a3 Bxb2 23. Qxb2 Nd3 24. Qc3 c4 25. Be4 Nb2 26. Rdb1 Rb3 27. Qc2
Qb6 28. Bxh7+ Kh8 29. Be4 Rb8 30. Qe2 Kg8 31. Bc2 Rb5 32. Qe4 g6 33. h4 Qd6 34.
h5 Qxd5 35. hxg6 Qxe4 36. gxf7+ Kxf7 37. Bxe4 c3 38. Re1 Rd8 39. Re3 Rc5 40.
Bc2 Rd2 41. Rc1 Kg7 42. Kg2 Rc7 43. g4 Rf7 44. Rf3 Rxf3 45. Kxf3 Nc4 46. Be4
Nb2 47. Rxc3 Rxf2+ 48. Kxf2 Nd1+ 49. Ke2 Nxc3+ 50. Kd3 Nd1 51. Bf3 Nb2+ 52. Kc3
Na4+ 53. Kb4 Nb2 54. Be2 Kf6 55. Kb3 1-0

[Event "GBR-ch90"]
[Site "Edinburgh"]
[Date "2003.07.24"]
[Round "4.41"]
[White "Radovanovic, Jovica"]
[Black "Eggleston, Thomas"]
[Result "1-0"]
[WhiteElo "2239"]
[BlackElo "2040"]
[PlyCount "41"]
[EventDate "2003.07.21"]
[EventType "swiss"]
[EventRounds "11"]
[EventCountry "GBR"]
[SourceTitle "BritBase"]
[Source "John Saunders"]
[SourceDate "2008.07.14"]
[SourceVersion "1"]
[SourceVersionDate "2008.07.14"]
[SourceQuality "2"]

1. e4 e6 2. d4 d5 3. Nc3 Nf6 4. Bg5 Be7 5. e5 Nfd7 6. Bxe7 Qxe7 7. f4 O-O 8.
Nf3 c5 9. dxc5 Nc6 10. Qd2 f6 11. exf6 Qxf6 12. g3 Nxc5 13. O-O-O Kh8 14. Bb5
Rb8 15. Qe3 Nd7 16. Rhe1 Nb6 17. Kb1 Bd7 18. h4 Rfe8 19. h5 Nc8 20. Nxd5 Qd8
21. Ng5 1-0

[Event "GBR-ch90"]
[Site "Edinburgh"]
[Date "2003.07.24"]
[Round "4.42"]
[White "Ashton, Adam"]
[Black "Kafka, Graeme"]
[Result "1/2-1/2"]
[WhiteElo "2234"]
[BlackElo "2170"]
[PlyCount "36"]
[EventDate "2003.07.21"]
[EventType "swiss"]
[EventRounds "11"]
[EventCountry "GBR"]
[SourceTitle "BritBase"]
[Source "John Saunders"]
[SourceDate "2008.07.14"]
[SourceVersion "1"]
[SourceVersionDate "2008.07.14"]
[SourceQuality "2"]

1. e4 c5 2. Nf3 d6 3. d4 cxd4 4. Nxd4 Nf6 5. Nc3 g6 6. Be3 Bg7 7. f3 Nc6 8. Qd2
O-O 9. O-O-O d5 10. h4 dxe4 11. h5 Nxh5 12. g4 Bxd4 13. gxh5 Be5 14. Qe1 Qa5
15. hxg6 Bxc3 16. Qh4 Bxb2+ 17. Kxb2 Qb4+ 18. Kc1 Qa3+ 1/2-1/2

[Event "GBR-ch90"]
[Site "Edinburgh"]
[Date "2003.07.24"]
[Round "4.43"]
[White "Gilbert, Jessie L"]
[Black "Meenakshi, Subbaraman"]
[Result "0-1"]
[WhiteElo "2109"]
[BlackElo "2319"]
[PlyCount "134"]
[EventDate "2003.07.21"]
[EventType "swiss"]
[EventRounds "11"]
[EventCountry "GBR"]
[SourceTitle "BritBase"]
[Source "John Saunders"]
[SourceDate "2008.07.14"]
[SourceVersion "1"]
[SourceVersionDate "2008.07.14"]
[SourceQuality "2"]

1. d4 d5 2. c4 dxc4 3. Nf3 Nf6 4. e3 Bg4 5. Bxc4 e6 6. Nc3 Nbd7 7. h3 Bh5 8.
O-O Bd6 9. Be2 O-O 10. e4 e5 11. Be3 Re8 12. d5 Bg6 13. Qc2 Bb4 14. Bd3 Nc5 15.
Bxc5 Bxc5 16. Bb5 Re7 17. Nh4 a6 18. Nxg6 hxg6 19. Bd3 Qd6 20. Rac1 Bd4 21. Qb3
Rb8 22. Ne2 Bb6 23. Qc4 Nh5 24. b4 Qf6 25. a4 Rd7 26. a5 Ba7 27. Qc3 Qd6 28. b5
axb5 29. Bxb5 Re7 30. Ra1 Nf4 31. Qd2 Ne6 32. a6 bxa6 33. Rxa6 Bb6 34. Qa2 Nc5
35. Ra8 Rxa8 36. Qxa8+ Kh7 37. Ng3 Nb3 38. Qc6 Qb4 39. Qc4 Qxc4 40. Bxc4 Nd2
41. Rc1 Nxc4 42. Rxc4 Re8 43. Kf1 Ra8 44. Rc2 Kg8 45. Ke2 Kf8 46. Kf3 Ra3+ 47.
Ke2 Ke7 48. f3 Re3+ 49. Kd2 Rb3 50. Ke2 Kd7 51. Ra2 Ke7 52. Rc2 Ra3 53. Rd2
Re3+ 54. Kd1 Ba5 55. Re2 Rd3+ 56. Kc2 Rc3+ 57. Kb2 Rc4 58. Kb3 Rc1 59. Kb2 Rg1
60. Rc2 Kd7 61. f4 exf4 62. Ne2 Rxg2 63. Nxf4 Rxc2+ 64. Kxc2 Kd6 65. Kd3 Ke5
66. Ke3 Bd2+ 67. Kxd2 Kxf4 0-1

[Event "GBR-ch90"]
[Site "Edinburgh"]
[Date "2003.07.24"]
[Round "4.44"]
[White "Coleman, James"]
[Black "Goodger, Martyn"]
[Result "0-1"]
[WhiteElo "2211"]
[BlackElo "2114"]
[PlyCount "32"]
[EventDate "2003.07.21"]
[EventType "swiss"]
[EventRounds "11"]
[EventCountry "GBR"]
[SourceTitle "BritBase"]
[Source "John Saunders"]
[SourceDate "2008.07.14"]
[SourceVersion "1"]
[SourceVersionDate "2008.07.14"]
[SourceQuality "2"]

1. d4 f5 2. Bg5 g6 3. Nd2 Bg7 4. e4 fxe4 5. Nxe4 d5 6. Nc5 b6 7. Nb3 Nf6 8. Nf3
O-O 9. Be2 Qd6 10. O-O Nbd7 11. c3 e5 12. dxe5 Nxe5 13. Re1 Nfg4 14. Nbd2 Nxf2
15. Kxf2 Ng4+ 16. Kf1 Qc5 0-1

[Event "GBR-ch90"]
[Site "Edinburgh"]
[Date "2003.07.24"]
[Round "4.45"]
[White "Rutherford, Elaine"]
[Black "Meyer, Gordon"]
[Result "1-0"]
[WhiteElo "2061"]
[BlackElo "2175"]
[PlyCount "78"]
[EventDate "2003.07.21"]
[EventType "swiss"]
[EventRounds "11"]
[EventCountry "GBR"]
[SourceTitle "BritBase"]
[Source "John Saunders"]
[SourceDate "2008.07.14"]
[SourceVersion "1"]
[SourceVersionDate "2008.07.14"]
[SourceQuality "2"]

1. e4 c5 2. Nc3 d6 3. f4 g6 4. Nf3 Bg7 5. Bc4 Nc6 6. O-O Nf6 7. f5 O-O 8. d3
Na5 9. fxg6 hxg6 10. Qe1 Nxc4 11. dxc4 Nh7 12. Qh4 e6 13. Qg3 Qe7 14. Bf4 Rd8
15. Nb5 e5 16. Bg5 Nxg5 17. Nxg5 f6 18. Nf3 Be6 19. b3 a6 20. Nc3 Kh7 21. Nh4
Qf7 22. Rad1 b5 23. cxb5 axb5 24. Nxb5 Bf8 25. Nc7 g5 26. Nxa8 Rxa8 27. Nf5 d5
28. exd5 Bxd5 29. Qh3+ Kg8 30. c4 Be4 31. a4 Qg6 32. Nd6 Bc2 33. Qe6+ Kh7 34.
Rxf6 Qh5 35. Rf7+ Kh8 36. Qxe5+ Kg8 37. Rdf1 Bg6 38. R7f3 Rd8 39. Qe6+ Kg7 1-0

[Event "GBR-ch90"]
[Site "Edinburgh"]
[Date "2003.07.24"]
[Round "4.46"]
[White "Walton, Alan J"]
[Black "Waters, Clive L"]
[Result "0-1"]
[WhiteElo "2158"]
[BlackElo "2111"]
[PlyCount "54"]
[EventDate "2003.07.21"]
[EventType "swiss"]
[EventRounds "11"]
[EventCountry "GBR"]
[SourceTitle "BritBase"]
[Source "John Saunders"]
[SourceDate "2008.07.14"]
[SourceVersion "1"]
[SourceVersionDate "2008.07.14"]
[SourceQuality "2"]

1. d4 c5 2. d5 e5 3. e4 d6 4. c4 Be7 5. g3 Bg5 6. Nc3 Bxc1 7. Rxc1 Ne7 8. Bh3
O-O 9. Qh5 Nd7 10. Bxd7 Bxd7 11. f4 exf4 12. gxf4 Ng6 13. Nge2 f5 14. O-O Qe7
15. Qg5 Qxg5+ 16. fxg5 f4 17. Nb5 Bxb5 18. cxb5 Rae8 19. Rc4 Ne5 20. Ra4 f3 21.
Ng3 Nd3 22. Nf5 f2+ 23. Kg2 Nxb2 24. Rxa7 Rxe4 25. Rxf2 Nd3 26. Rf1 Re5 27.
Nxd6 Rxg5+ 0-1

[Event "GBR-ch90"]
[Site "Edinburgh"]
[Date "2003.07.24"]
[Round "4.47"]
[White "Clarke, Thomas M"]
[Black "Guthrie, David"]
[Result "0-1"]
[WhiteElo "2128"]
[BlackElo "2183"]
[PlyCount "76"]
[EventDate "2003.07.21"]
[EventType "swiss"]
[EventRounds "11"]
[EventCountry "GBR"]
[SourceTitle "BritBase"]
[Source "John Saunders"]
[SourceDate "2008.07.14"]
[SourceVersion "1"]
[SourceVersionDate "2008.07.14"]
[SourceQuality "2"]

1. d4 d5 2. Bg5 h6 3. Bh4 c6 4. Nf3 Qb6 5. Qc1 g5 6. Bg3 g4 7. Ne5 Qxd4 8. c4
Nf6 9. Nc3 Be6 10. e3 Qb6 11. Be2 h5 12. O-O Bh6 13. cxd5 cxd5 14. Nb5 Na6 15.
Nd4 Rc8 16. Bb5+ Kf8 17. Qe1 Kg7 18. f4 gxf3 19. Rxf3 Nc5 20. Bh4 Nce4 21. Bd3
Qd6 22. Bxe4 Qxe5 23. Bxf6+ exf6 24. Bf5 h4 25. Qf2 Bg5 26. Rf1 a6 27. Kh1 Rc7
28. g3 Kf8 29. g4 Kg7 30. Rh3 Rhc8 31. Nf3 Qxe3 32. Qxe3 Bxe3 33. Nxh4 d4 34.
Ng2 Bxf5 35. gxf5 Rc1 36. Rhf3 R8c2 37. h4 Rxf1+ 38. Rxf1 Rxb2 0-1

[Event "GBR-ch90"]
[Site "Edinburgh"]
[Date "2003.07.25"]
[Round "5.1"]
[White "Hunt, Adam C"]
[Black "Rahman, Ziaur"]
[Result "0-1"]
[WhiteElo "2395"]
[BlackElo "2521"]
[PlyCount "93"]
[EventDate "2003.07.21"]
[EventType "swiss"]
[EventRounds "11"]
[EventCountry "GBR"]
[SourceTitle "BritBase"]
[Source "John Saunders"]
[SourceDate "2008.07.14"]
[SourceVersion "1"]
[SourceVersionDate "2008.07.14"]
[SourceQuality "2"]

1. e4 d6 2. d4 Nf6 3. Nc3 g6 4. Be3 c6 5. Nf3 Qb6 6. Rb1 Bg7 7. h3 O-O 8. Qd2
Qc7 9. Bh6 Nbd7 10. Bd3 b5 11. O-O Bb7 12. Bxg7 Kxg7 13. Rfe1 b4 14. Ne2 c5 15.
Ng3 cxd4 16. Nxd4 Qb6 17. Qg5 e6 18. Nf3 h6 19. Qd2 Rac8 20. e5 dxe5 21. Nxe5
Rfd8 22. Nxd7 Rxd7 23. Qf4 Rd4 24. Qe3 Rcd8 25. Ne2 R4d6 26. Qxb6 Rxb6 27. Rbd1
Rbd6 28. Nc1 a5 29. Be2 Rxd1 30. Rxd1 Rc8 31. Bd3 a4 32. Ne2 Nd5 33. b3 a3 34.
f3 g5 35. Kf2 f5 36. Re1 Kf6 37. Nd4 Nf4 38. Bc4 e5 39. Ne2 Rd8 40. Nxf4 gxf4
41. g3 Rd2+ 42. Re2 fxg3+ 43. Kxg3 Rxe2 44. Bxe2 f4+ 45. Kf2 Kg5 46. Bd3 Bc8
47. Ke1 0-1

[Event "GBR-ch90"]
[Site "Edinburgh"]
[Date "2003.07.25"]
[Round "5.2"]
[White "Gormally, Daniel W"]
[Black "Summerscale, Aaron"]
[Result "1/2-1/2"]
[WhiteElo "2478"]
[BlackElo "2492"]
[PlyCount "45"]
[EventDate "2003.07.21"]
[EventType "swiss"]
[EventRounds "11"]
[EventCountry "GBR"]
[SourceTitle "BritBase"]
[Source "John Saunders"]
[SourceDate "2008.07.14"]
[SourceVersion "1"]
[SourceVersionDate "2008.07.14"]
[SourceQuality "2"]

1. d4 d5 2. c4 c6 3. Nf3 Nf6 4. e3 Bf5 5. cxd5 cxd5 6. Qb3 Qc7 7. Bd2 e6 8.
Bb5+ Nc6 9. Bb4 Bd6 10. Qa3 Ke7 11. Bxc6 bxc6 12. Nc3 Rhb8 13. Bxd6+ Qxd6 14.
Qxd6+ Kxd6 15. Na4 Nd7 16. Rc1 f6 17. b3 Rb5 18. Ke2 Nb6 19. Nc5 Nd7 20. Na4
Nb6 21. Nc5 Nd7 22. Na4 Ra5 23. Nc3 1/2-1/2

[Event "GBR-ch90"]
[Site "Edinburgh"]
[Date "2003.07.25"]
[Round "5.3"]
[White "Kotronias, Vasilios"]
[Black "Sundararajan, Kidambi"]
[Result "1-0"]
[WhiteElo "2602"]
[BlackElo "2442"]
[PlyCount "91"]
[EventDate "2003.07.21"]
[EventType "swiss"]
[EventRounds "11"]
[EventCountry "GBR"]
[SourceTitle "BritBase"]
[Source "John Saunders"]
[SourceDate "2008.07.14"]
[SourceVersion "1"]
[SourceVersionDate "2008.07.14"]
[SourceQuality "2"]

1. e4 c6 2. d4 d5 3. e5 Bf5 4. Nc3 e6 5. g4 Bg6 6. Nge2 c5 7. Be3 cxd4 8. Nxd4
Bb4 9. Qd2 Nd7 10. a3 Qa5 11. Rb1 Bxc3 12. bxc3 a6 13. Rxb7 Qxa3 14. Bg2 Nxe5
15. O-O Nf6 16. Bg5 O-O 17. Bxf6 gxf6 18. h4 Nxg4 19. Bh3 Ne5 20. h5 Bxh5 21.
Qh6 Nf3+ 22. Nxf3 Bxf3 23. Bxe6 Be4 24. Qxf6 Bg6 25. Bxd5 Rac8 26. c4 Qh3 27.
Re1 Rxc4 28. Bxc4 Qg4+ 29. Kh2 Qxc4 30. c3 Qd5 31. Rbe7 Qh5+ 32. Kg3 Bf5 33.
Qh4 Qxh4+ 34. Kxh4 Be6 35. Rg1+ Kh8 36. Rc7 Bf5 37. Rg5 Bg6 38. Rgc5 Kg7 39.
Rc8 Rxc8 40. Rxc8 Bd3 41. Kg5 h6+ 42. Kf4 Kg6 43. c4 Kf6 44. Rc6+ Ke7 45. Ke5
Kd7 46. Rd6+ 1-0

[Event "GBR-ch90"]
[Site "Edinburgh"]
[Date "2003.07.25"]
[Round "5.6"]
[White "Ansell, Simon T"]
[Black "Ganguly, Surya Shekhar"]
[Result "0-1"]
[WhiteElo "2379"]
[BlackElo "2535"]
[PlyCount "74"]
[EventDate "2003.07.21"]
[EventType "swiss"]
[EventRounds "11"]
[EventCountry "GBR"]
[SourceTitle "BritBase"]
[Source "John Saunders"]
[SourceDate "2008.07.14"]
[SourceVersion "1"]
[SourceVersionDate "2008.07.14"]
[SourceQuality "2"]

1. e4 e5 2. Nf3 Nc6 3. d4 exd4 4. Nxd4 Bc5 5. Nb3 Bb6 6. a4 a6 7. Nc3 Qf6 8.
Qe2 Nge7 9. h4 h6 10. g4 Nd4 11. Nxd4 Bxd4 12. Bd2 d6 13. f4 g6 14. Bg2 Bd7 15.
g5 hxg5 16. hxg5 Rxh1+ 17. Bxh1 Qe6 18. Qd3 Bxc3 19. Qxc3 O-O-O 20. O-O-O Bxa4
21. Bg2 Kb8 22. b3 Bc6 23. Bh3 Qxe4 24. Re1 Nd5 25. Rxe4 Nxc3 26. Re7 Rh8 27.
Bd7 Rh1+ 28. Kb2 Nd1+ 29. Ka3 Bxd7 30. Rxd7 Rh2 31. Ba5 b6 32. Bxb6 cxb6 33.
Rxd6 Ne3 34. Rxb6+ Ka7 35. Rd6 Nxc2+ 36. Ka4 Rh1 37. b4 Rb1 0-1